Statistics for Canadien cities by pictures

Click here to take the quiz!

General Stats

  • This quiz has been taken 15 times
  • The average score is 8 of 8

Answer Stats

Answer% Correct
Toronto
100%
Calgary
100%
Vancouver
100%
Quebec city
100%
Montreal
100%
Ottawa
91%
Edmonton
91%
Winnipeg
73%

Score Distribution

Percentile by Number Answered

Percent of People with Each Score

Your Score History

You have not taken this quiz